Инвестиционный анализ: справочное пособие

書誌詳細
その他の著者: Чапек В. Н. Владимир Николаевич, Чапек Н. П. Нина Петровна, Максимов Д. В. Дмитрий Васильевич, Попов В. Ф. Владимир Федорович
要約:В справочном пособии «Инвестиционный анализ» не только характеризуются условия и результаты инвестиционной деятельности предприятий российских регионов, но и проводится анализ основных социально-экономических показателей инвестиций в нефинансовые активы и основной капитал. Подробно рассматриваются финансовые источники инвестиций, инвестиции по направлениям, по формам собственности. Изучается физический объем инвестиций по отдельным субъектам Федерации, характеризуются инвестиции на душу населения, акцентируется внимание на финансовые вложения предприятий, на стоимость лизинговых договорных обязательств предприятий в региональном аспекте, автономно рассматриваются инвестиции, поступившие в Россию от иностранных инвесторов в разрезе субъектов Федерации.
言語:ロシア語
出版事項: Ростов-на-Дону, Феникс, 2014
シリーズ:Высшее образование
主題:
フォーマット: 図書
KOHA link:https://koha.lib.tpu.ru/cgi-bin/koha/opac-detail.pl?biblionumber=264222

MARC

LEADER 00000nam0a2200000 4500
001 264222
005 20231101233819.0
010 |a 9785222227817 
035 |a (RuTPU)RU\TPU\book\287213 
090 |a 264222 
100 |a 20140617d2014 km y0rusy50 ca 
101 0 |a rus 
102 |a RU 
105 |a y g 000zy 
200 1 |a Инвестиционный анализ  |e справочное пособие  |f В. Н. Чапек [и др.] 
210 |a Ростов-на-Дону  |c Феникс  |d 2014 
215 |a 285 с. 
225 1 |a Высшее образование 
330 |a В справочном пособии «Инвестиционный анализ» не только характеризуются условия и результаты инвестиционной деятельности предприятий российских регионов, но и проводится анализ основных социально-экономических показателей инвестиций в нефинансовые активы и основной капитал. Подробно рассматриваются финансовые источники инвестиций, инвестиции по направлениям, по формам собственности. Изучается физический объем инвестиций по отдельным субъектам Федерации, характеризуются инвестиции на душу населения, акцентируется внимание на финансовые вложения предприятий, на стоимость лизинговых договорных обязательств предприятий в региональном аспекте, автономно рассматриваются инвестиции, поступившие в Россию от иностранных инвесторов в разрезе субъектов Федерации. 
606 1 |a Инвестиции  |2 stltpush  |3 (RuTPU)RU\TPU\subj\36163  |9 57637 
610 1 |a инвестиционная деятельность 
610 1 |a инвестиционный анализ 
610 1 |a нефинансовые активы 
610 1 |a основной капитал 
610 1 |a диверсификация 
610 1 |a региональная специфика 
610 1 |a физический объем 
610 1 |a видовая структура 
610 1 |a территориальная организация 
610 1 |a иностранный капитал 
610 1 |a финансовый лизинг 
610 1 |a договорные обязательства 
610 1 |a финансовые вложения 
610 1 |a территориальные аспекты 
610 1 |a справочные пособия 
686 |a У9(2)0-56я2  |v LBC/SL-A  |2 rubbk 
701 1 |a Чапек  |b В. Н.  |g Владимир Николаевич 
701 1 |a Чапек  |b Н. П.  |g Нина Петровна 
701 1 |a Максимов  |b Д. В.  |g Дмитрий Васильевич 
701 1 |a Попов  |b В. Ф.  |g Владимир Федорович 
801 1 |a RU  |b 63413507  |c 20140617 
801 2 |a RU  |b 63413507  |c 20150624  |g RCR 
942 |c BK 
959 |a 84/20140519  |d 2  |e 366,80  |f ЧЗГЛ:1  |f АНЛ:1